|
|
|
|
| LEADER |
00000cam a2200000 a 4500 |
| 001 |
27544 |
| 005 |
20230308180600.0 |
| 008 |
004102|1979 ||||||||r|||||||||||spa|| |
| 020 |
|
|
|a 9684260407
|
| 040 |
|
|
|b spa
|
| 041 |
1 |
|
|a spa
|
| 082 |
0 |
|
|a 618.2
|
| 100 |
1 |
|
|a Benson, Ralph C.
|9 81939
|
| 245 |
|
|
|a Diagnóstico y tratamiento ginecoobstétricos
|c Ralph C. Benson
|h imp
|
| 264 |
|
|
|a México
|b Manual Moderno
|c 1979
|
| 300 |
|
|
|a 1080 páginas:
|b ilu
|c 25x17 cm
|
| 504 |
|
|
|a incl. ref.
|
| 650 |
1 |
|
|a Obstetricia
|9 81569
|
| 650 |
1 |
0 |
|a Ginecología
|9 86503
|
| 852 |
|
|
|a UC-SALUD
|c ESTANTERIA ABIERTA
|f Donación
|k rosa.mendez
|l 1
|m General
|p 20041028
|q 2.00
|r 1
|t 27544
|w Medicina y Cirugía
|y 30122549
|b 0
|d CDRS
|e CDRS
|g 618.2 ESTANTERIA ABIERTA
|z 2004-41-02
|
| 942 |
|
|
|c BK
|0 2
|
| 999 |
|
|
|c 53315
|d 53315
|